TV Show by Cast Reunion Photo II Quiz Stats

 Plays Quiz Updated Apr 30, 2018

Support Sporcle.
Go Orange.
Score 0/20 Timer 05:00
5 Plays Today
% Correct
Friends
99.5%
The Fresh Prince of Bel-Air
87.5%
Frasier
86.5%
Malcolm in the Middle
83.2%
Buffy the Vampire Slayer
81.9%
Star Trek: The Next Generation
79.1%
Scrubs
77.9%
All in the Family
66.6%
Blossom
63.2%
Family Ties
61.8%
% Correct
Lois & Clark: The New Adventures of Superman
56.5%
Boy Meets World
56%
Who's the Boss?
54.2%
Growing Pains
49.2%
7th Heaven
38.8%
Felicity
37.8%
Hart to Hart
33.6%
Leave It To Beaver
33.2%
ER
21.2%
CSI: Miami
16.5%

From the Vault

Movie Judges

by Hejman

Movies 5m
We don't mean to judge, but these characters look a little too stern for our liking.
Remove Ads.
Support Sporcle.
Get the best of Sporcle when you Go Orange. This ad-free experience offers more features, more stats, and more fun while also helping to support Sporcle. Thank you for becoming a member.

Show Comments

Extras

Top Quizzes Today


Score Distribution

Your Account Isn't Verified!

In order to create a playlist on Sporcle, you need to verify the email address you used during registration. Go to your Sporcle Settings to finish the process.

Report this User

Report this user for behavior that violates our Community Guidelines.

Details: